000 00623nam a2200193 i 4500
001 13349
003 ES-MaACL
005 20230906150542.0
007 t|
008 970717s1996 sp |||| | spa j
020 _a84-458-0553-3
080 _a821.134.2-84"19"
100 1 _aCruz y Hermida, Julio.
_941859
245 1 0 _aPensar en voz alta es acercarse a los demás
_b: (antología de citas y pensamientos diversos) /
_cJulio Cruz Hermida.
260 _aBarcelona :
_bMasson,
_cD.L. 1996.
300 _a66 p. ;
_c21 cm.
650 4 _aCitas.
_9149979
852 _aES-MaACL
_jL-20745
_z. - Dedicatoria autógrafa del autor
999 _c13349
_d13349